[Event "GER-chT U10"]
[Site "Magdeburg"]
[Date "2014.12.29"]
[Round "6.2"]
[White "Bayer, Melissa"]
[Black "Fahsel, Hannes"]
[Result "1-0"]
[WhiteElo "1040"]
[BlackElo "988"]
[PlyCount "95"]
[EventDate "2014.12.27"]
[EventType "team-swiss"]
[EventRounds "7"]
[EventCountry "GER"]
[SourceTitle "EXT 2016"]
[Source "ChessBase"]
[SourceDate "2015.10.08"]
[SourceVersion "1"]
[SourceVersionDate "2015.10.08"]
[SourceQuality "1"]
[WhiteTeam "Gruendau"]
[BlackTeam "Aue Nickelhuette"]
[WhiteTeamCountry "GER"]
[BlackTeamCountry "GER"]

1. e4 e5 2. Nf3 Nc6 3. Nc3 Nf6 4. Bc4 h6 5. d4 Bb4 6. Qd3 Bxc3+ 7. bxc3 0-0 8. dxe5 Ng4 9. Bf4 Re8 10. Qd5 Qe7 11. h3 Ngxe5 12. Nxe5 Nxe5 13. Bxe5 d6 14. Bg3 Be6 15. Qd4 Bxc4 16. Qxc4 Qxe4+ 17. Qxe4 Rxe4+ 18. Kd2 Rae8 19. Rhe1 R4e6 20. f3 b5 21. a4 a6 22. axb5 axb5 23. Ra7 c5 24. Ra6 Rxe1 25. Bxe1 Re6 26. Bg3 d5 27. Ra5 Rb6 28. Ra8+ Kh7 29. Rd8 d4 30. cxd4 cxd4 31. Rxd4 b4 32. Bf2 b3 33. cxb3 Rxb3 34. Rd7 f6 35. Ke2 Rb2+ 36. Kf1 Rb1+ 37. Be1 Kg6 38. g4 Rb3 39. Kg2 Rb2+ 40. Kg3 Re2 41. Bd2 Re5 42. h4 Rb5 43. h5+ Kh7 44. Bc3 Rb6 45. Kf4 Rc6 46. Bd4 Rc4 47. Kf5 Rc6 48. f4 1-0